000 00852nam a22002297a 4500
999 _c61774
_d61774
005 20240501122321.0
008 240501s2005 enk||||| |||| 00| 0 eng d
020 _a9780198527831x
041 _aeng
080 _a616.89 O-97
245 _aOxford Handbook of Psychiatry
_c David Semple, Roger Smyth, Jonathan Burns, Rajan Darjee, Andrew McIntosh.
264 _aOxford :
_bOxford University Press,
_c2005.
300 _a953 p.:
_bill.;
_c19 cm.
653 _aფსიქიატრია
653 _aმედიცინა
700 _aSemple, David
_eავტორი
_922014
700 _aSmyth, Roger
_eავტორი
_922015
700 _aBurns, Jonathan
_eავტორი
_922016
700 _aDarjee, Rajan
_eავტორი
_922017
700 _aMcIntosh, Andrew
_eავტორი
_922018
942 _2udc
_cᲬᲘᲒᲜᲘ